00589nam a2200205Ia 450000500170000000800410001702000150005804000180007304100080009108200190009910000230011824500740014125000120021526000410022730000220026865000280029065000210031865000180033965000260035720220210113733.0210716s2004 xx 000 0 und d a8178294249 cAIMIT LIBRARY aeng a651.721bFERJ aFernandez, Joseph. aCorporate communications :b21 century primer /cBy Joseph Fernandez. a1st ed. aNew Delhi :bResponse Books ,c2004. a282p. ;c21.5 cm. aCorporate Communication aPublic relations aThe New Media aThe Traditional Media